| 000 | 01141nam a2200253Ia 4500 | ||
|---|---|---|---|
| 003 | OSt | ||
| 005 | 20200819180757.0 | ||
| 008 | 191128s2007 ck ad gr 000 0 spa d | ||
| 020 | _a9789588025971 | ||
| 040 |
_aCo-JMCR _cCo-JMCR |
||
| 041 | 0 | _aspa | |
| 082 | 0 | 4 |
_a368.4 / _bD266a _223 |
| 100 | 1 |
_aHelmsdorff, Loredana, _eautora _98961 |
|
| 245 | 1 | 0 |
_aAmpliación de cobertura del sistema pensional colombiano y atención al adulto mayor / _cLoredana Helmsdorff |
| 260 |
_aBogotá : _bDepartamento Nacional de Planeación, _c2007. |
||
| 300 |
_a86 páginas : _bgráficos a blanco y negro ; _c28 cm. |
||
| 490 | 0 | _aEstrategia para la reducción de la pobreza y la desigualdad | |
| 505 | 0 | _aEl sistema pensional dentro de la protección social -- El sistema pensional colombiano -- Propuesta para reducir el impacto de la bomba pensional -- Alternativa para el aseguramiento de los trabajadores -- Asitencia social al adulto mayor | |
| 650 | 2 | 4 |
_aSistema de seguridad social _98962 |
| 650 | 2 | 4 |
_aPensiones Seguridad social _98963 |
| 650 | 2 | 4 |
_aTrabajadores independientes _98964 |
| 650 | 2 | 4 |
_aServicios sociales _98965 |
| 942 |
_2ddc _cBK |
||
| 999 |
_c6034 _d6034 |
||